100 Apelidos Portugueses Mais Comuns - Statistics

Estatísticas Gerais
  • Esse quiz foi jogado 2 885 vezes
  • A pontuação média é 40 de 100
Estatísticas das Respostas
# Apelido % Correto
1. Silva
97%
2. Santos
88%
4. Pereira
83%
6. Costa
78%
10. Sousa
78%
5. Oliveira
77%
3. Ferreira
76%
11. Fernandes
70%
7. Rodrigues
69%
13. Gomes
66%
20. Carvalho
64%
8. Martins
64%
17. Almeida
62%
12. Gonçalves
62%
14. Lopes
62%
18. Ribeiro
59%
16. Alves
58%
19. Pinto
55%
54 Lima
54%
24 Mendes
54%
15. Marques
52%
27 Vieira
52%
26 Soares
51%
25 Nunes
50%
21 Teixeira
50%
22 Moreira
49%
33 Coelho
46%
37 Ramos
46%
29 Cardoso
45%
23 Correia
45%
43 Machado
45%
48 Castro
44%
41 Matos
44%
28 Monteiro
43%
60 Barros
42%
9. Jesus
42%
32 Neves
42%
40 Antunes
41%
35 Cunha
41%
57 Pinheiro
41%
44 Araújo
40%
38 Reis
40%
30 Rocha
40%
42 Fonseca
39%
46 Tavares
38%
68 Andrade
37%
82 Moura
37%
62 Nogueira
37%
34 Cruz
36%
51 Freitas
36%
75 Melo
36%
61 Morais
36%
36 Pires
36%
50 Azevedo
35%
45 Barbosa
35%
49 Figueiredo
35%
56 Batista
34%
58 Faria
34%
52 Magalhães
34%
66 Campos
33%
74 Borges
32%
67 Mota
32%
97 Torres
32%
39 Simões
31%
85 Garcia
30%
81 Maia
30%
69 Brito
29%
86 Carneiro
29%
53 Henriques
29%
72 Leite
29%
88 Neto
29%
76 Vaz
29%
93 Macedo
28%
59 Miranda
28%
73 Abreu
27%
90 Branco
27%
47 Lourenço
27%
89 Amaral
26%
96 Amorim
26%
55 Guerreiro
26%
91 Leal
26%
71 Nascimento
26%
84 Domingues
25%
63 Esteves
25%
70 Mendonça
25%
100 Guerra
24%
65 Baptista
23%
77 Pinho
23%
87 Loureiro
22%
95 Matias
22%
92 Pacheco
22%
83 Valente
22%
94 Paiva
21%
78 Vicente
20%
31 Raposo
19%
99 Brás
18%
64 Anjos
17%
80 Assunção
16%
79 Gaspar
16%
98 Bentes
13%
Nenhum quiz correspondente encontrado
Distribuição das Pontuações
Porcentagem de Pessoas com Cada Pontuação
Percentil de Números Respondidos
Sua Pontuação Histórica
Você não jogou esse quiz